| 000 | 00405nam a22001577a 4500 | ||
|---|---|---|---|
| 020 | _a978-1-84616-462-0 | ||
| 082 |
_a823 _bMEA/D |
||
| 100 | _aMEADOWS, DAISY | ||
| 245 |
_aDANIELLE THE DAISY FAIRY _bTHE PETAL FAIRIES |
||
| 246 |
_aDANIELLE THE DAISY FAIRY _bTHE PETAL FAIRIES |
||
| 260 |
_aLONDOON _bORCHARD BOOKS _c2007 |
||
| 300 | _a74 | ||
| 520 | _aSHORT STORY | ||
| 650 | _aSHORT STORY | ||
| 942 | _cBK | ||
| 999 |
_c3094 _d3094 |
||